MARC

LEADER 00000nam0a2200000 4500
001 302836
005 20231102001537.0
035 |a (RuTPU)RU\TPU\book\328053 
090 |a 302836 
100 |a 20150827d1959 km y0rusy50 ca 
101 1 |a rus  |c eng 
102 |a RU 
105 |a a z 001zy 
200 1 |a Синхронные машины  |e пер. с англ.  |f Ч. Конкордиа 
210 |a Москва  |a Ленинград  |c Госэнергоиздат  |d 1959 
215 |a 272 с.  |c ил. 
320 |a Библиогр.: с. 265-267. 
606 1 |a Электродвигатели синхронные  |x Переходные процессы  |2 stltpush  |3 (RuTPU)RU\TPU\subj\19927  |9 45090 
610 1 |a синхронные машины 
610 1 |a уравнения 
610 1 |a трехфазное замыкание 
610 1 |a двухфазное замыкание 
610 1 |a однофазное замыкание 
610 1 |a асинхронный момент 
610 1 |a напряжение 
610 1 |a снижение 
675 |a 621.313.323  |v 3 
700 1 |a Конкордиа  |b Ч. 
801 1 |a RU  |b 63413507  |c 20150827 
801 2 |a RU  |b 63413507  |c 20150909  |g RCR 
942 |c BK